Представление документа в формате RUSMARC

ПолеНазваниеЗначение
  Тип записи a
  Библиографический уровень a
001 Контрольный номер RU/УОНБ/EK_Kray/350661952
005 Дата корректировки 20240131015215.4
100 Данные общей обработки __
a Данные общей обработки 20110210d2011 ||| 0rusy0189 ca
101 Язык документа 0_
a Язык текста rus
102 Страна публикации __
a Страна публикации RU
105 Кодированные данные (монография) __
a Кодированные данные (монография) y###||||000|y
200 Заглавие и сведения об ответственности 1_
a Заглавие "В них сквозит много близкого и родного"
f Первые сведения об ответственности Людмила Дягилева
215 Физическое описание __
c Иллюстрации/тип воспроизводства 4 фот.
225 Серия 1_
a Серия События
330 Аннотация __
a Аннотация Выставка творческих работ по произведениям И. А. Гончарова в Центральной городской библиотеке г. Ульяновска.
461 Уровень набора _0
1 2000
a Новая библиотека
1 011
463 Уровень физической единицы _0
1 001RU/УОНБ/EK_Kray/350661040
1 2000
a № 23
v С. 4-5
1 210
d 2010
601 Наименование организации как предмет 02
a Наименование организации как предмет Центральная городская библиотека имени И. А. Гончарова
610 Ключевые слова 0_
a Ключевые слова выставка в библиотеке; выставка детского творчества
686 Индексы других классификаций __
a Классификационный индекс 78.340.671.33
2 Код системы rubbk
700 Автор _1
a Фамилия Дягилева
b Имя (инициалы) Л.
g Полное личное имя Людмила
4 Код отношения 070
801 Источник записи _0
a Страна RU
b Организация Ульяновская ОНБ
c Дата составления 20110210
g Правила каталогизации RCR
801 Источник записи _1
a Страна RU
b Организация IS
c Дата составления 20110210
g Правила каталогизации RCR
901 Тип документа __
t Тип документа b
w Контрольный № источника RU/УОНБ/EK_Kray/350661040
909 Создатель записи __
a Создатель записи
a Создатель записи
938 Служебная информация __
a Имя БД kraeved_work
b Имя библиотеки УОНБ
c Имя АИБС МАРК-SQL
d Номер DOC_ID в БД 73813